Hypotekárne úvery vo VÚB, a.s. diplomová práca

Na minha lista:
Detalhes bibliográficos
Autor principal: Markuš, Daniel
Autor Corporativo: Podnikovohospodárska fakulta EU so sídlom v Košiciach. Katedra ekonómie
Outros Autores: Bačová, Monika
Formato: Livro
Idioma:eslovaco
Publicado em: Košice 2009
Tags: Adicionar Tag
Sem tags, seja o primeiro a adicionar uma tag!

MARC

LEADER 00000nam$a2200000$$$4500
001 0098811
005 20240827092407.4
041 0 |a slo 
044 |a SK 
245 1 0 |a Hypotekárne úvery vo VÚB, a.s.  |b diplomová práca  |c Daniel Markuš ; škol. Monika Bačová 
264 1 |a Košice  |c 2009 
300 |a 84 s. 
100 1 |a Markuš, Daniel 
700 1 |a Bačová, Monika 
710 2 |a Podnikovohospodárska fakulta EU so sídlom v Košiciach. Katedra ekonómie